Managing human resources / (Record no. 3086)

000 -LEADER
fixed length control field nam a22 a 4500
003 - CONTROL NUMBER IDENTIFIER
control field AKMAL
005 - DATE AND TIME OF LATEST TRANSACTION
control field 20170519111449.0
008 - FIXED-LENGTH DATA ELEMENTS--GENERAL INFORMATION
fixed length control field 170519s1981 nju 00 eng d
020 ## - INTERNATIONAL STANDARD BOOK NUMBER
International Standard Book Number 0135504422
040 ## - CATALOGING SOURCE
Original cataloging agency AKMAL
082 04 - DEWEY DECIMAL CLASSIFICATION NUMBER
Classification number 658.3 SAY
090 20 - LOCALLY ASSIGNED LC-TYPE CALL NUMBER (OCLC); LOCAL CALL NUMBER (RLIN)
Classification number (OCLC) (R) ; Classification number, CALL (RLIN) (NR) 658.3
Local cutter number (OCLC) ; Book number/undivided call number, CALL (RLIN) SAY
100 1# - MAIN ENTRY--PERSONAL NAME
Personal name Sayles, Leonard R
9 (RLIN) 6406
245 10 - TITLE STATEMENT
Title Managing human resources /
Statement of responsibility, etc. Leonard R. Sayles, George Strauss
250 ## - EDITION STATEMENT
Edition statement 2d ed
260 ## - PUBLICATION, DISTRIBUTION, ETC.
Place of publication, distribution, etc. Englewood Cliffs, N.J :
Name of publisher, distributor, etc. Prentice-Hall,
Date of publication, distribution, etc. 1981
263 ## - PROJECTED PUBLICATION DATE
Projected publication date 8101 1
300 00 - PHYSICAL DESCRIPTION
Extent xiii, 510p. ;
Dimensions 24cm
504 ## - BIBLIOGRAPHY, ETC. NOTE
Bibliography, etc. note Includes bibliographical references and indexes
650 #0 - SUBJECT ADDED ENTRY--TOPICAL TERM
Topical term or geographic name entry element Personnel management
9 (RLIN) 602
700 1# - ADDED ENTRY--PERSONAL NAME
Personal name Strauss, George
9 (RLIN) 6407
942 ## - ADDED ENTRY ELEMENTS (KOHA)
Source of classification or shelving scheme
Koha item type Book
Holdings
Withdrawn status Lost status Source of classification or shelving scheme Damaged status Not for loan Collection code Home library Current library Shelving location Date acquired Inventory number Total Checkouts Full call number Barcode Date last seen Price effective from Koha item type
          NON-FICTION AKMAL Melaka AKMAL Melaka PINJAMAN 19.05.2017 600014   658.3 SAY 201703910 19.05.2017 19.05.2017 Book
Pusat Sumber Maklumat Dato' Haji Sarmin Md Hussin, Akademi Kastam Diraja Malaysia, Melaka
Tel: 06-2331106 | Faks: 06-2313787